Obálka Náhled e-knihy:
PDF Epub
Pro půjčování e-knih musíte být přihlášeni.
Jak si půjčit online?

Princezny a zvířátka. Měsíční tajemství /

Princezna Lulu a její kamarádky se vydávají hledat rodinu opuštěného malého lvíčka. Další příběh ze série Princezny a zvířátka. Pro menší čtenáře od 5 let.

Uloženo v:
Série:Princezny a zvířátka, část 3
Hlavní autor: Harrison, Paula (Autor)
Další autoři: Kadlecová, Eva, 1984- (Autor)
Médium: E-kniha
Jazyk:Czech
Vydáno: Brno : CPress, 2018
Vydání:1. vydání
Témata:
Příbuzné jednotky:Z cyklu:: Princezny a zvířátka
Tagy:
Žádné tagy
LEADER 03142nam a2200505 i 4500
001 310888
003 CZ PrSKC
005 20260601215656.0
007 ta
008 180418s2018 xr a b 000 j cze
015 |a cnb002992761 
020 |a 9788026418795  |q (brožováno) :  |c Kč 149,00 
035 |a (OCoLC)1039848667 
040 |a OLA001  |b cze  |e rda 
041 1 |a cze  |h eng 
072 7 |a 821.111-3  |x Anglická próza, anglicky psaná  |2 Konspekt 
072 7 |a 821-93  |x Literatura pro děti a mládež (beletrie)  |2 Konspekt 
080 |a 821.111-32  |2 MRF 
080 |a 821-93  |2 MRF 
080 |a (0:82-32)  |2 MRF 
100 1 |a Harrison, Paula  |7 xx0218174  |4 aut 
240 1 0 |a Moonlight mystery.  |l Česky 
245 1 0 |a Princezny a zvířátka.  |p Měsíční tajemství /  |c Paula Harrisonová ; překlad: Eva Kadlecová 
246 3 0 |a Měsíční tajemství 
250 |a 1. vydání 
264 1 |a Brno :  |b CPress,  |c 2018 
300 |a 138 stran :  |b ilustrace ;  |c 21 cm 
336 |a text  |b txt  |2 rdacontent 
337 |a bez média  |b n  |2 rdamedia 
338 |a svazek  |b nc  |2 rdacarrier 
500 |a Přeloženo z angličtiny 
520 2 |a Princezna Lulu a její kamarádky se vydávají hledat rodinu opuštěného malého lvíčka. Další příběh ze série Princezny a zvířátka. Pro menší čtenáře od 5 let.  |b Lulu není jen tak obyčejná dívka. Je ohebná jako proutek, s lehkostí se vyšvihne do koruny stromů a své akrobatické kousky předvádí dokonce i v cirkuse. Kromě toho miluje divoká zvířata a často se za nimi vypravuje do savany, která se rozprostírá hned za zámeckou branou. Lulu je totiž undalská princezna. Ona a její kamarádky, princezny z okolních království, jsou odvážné ochránkyně zvířat. A tak když jednoho dne Lulu najde opuštěné lví mládě, použije svůj kouzelný prsten a přivolá své pomocnice, aby jí pomohly najít ztracenou lví rodinku. Princezny najdou lví úkryt a vydají se po lvích stopách, ty však najednou z ničeho nic končí. Jakoby lvi na místě zmizeli. Kam se jen ztrácejí divoká zvířata z undalské savany? Může za to snad tajemná Měsíční hora, magické drahokamy, nebo podivné světlo, které Lulu v noci spatřila v zámeckých zahradách? 
521 8 |a Pro děti od 5 let 
655 7 |a anglické příběhy  |7 fd131813  |2 czenas 
655 7 |a publikace pro děti  |7 fd133156  |2 czenas 
655 9 |a English stories  |2 eczenas 
655 9 |a children's literature  |2 eczenas 
700 1 |a Kadlecová, Eva,  |d 1984-  |7 xx0103153  |4 trl 
787 0 8 |i Z cyklu:  |t Princezny a zvířátka  |g 3 
900 |a ABA001  |b 21 
928 9 |a Albatros Media - CPress 
044 |a xr 
910 |a RBIT002 
998 |d 178003  |a https://core.palmknihy.cz/api/books/178003/cover?p6yx8f  |b https://core.palmknihy.cz/api/books/178003/cover/400?p6yx8f  |c https://core.palmknihy.cz/api/books/178003/cover/50?p6yx8f  |e 3999-12-31  |g 144  |i 9788026418795  |j https://core.palmknihy.cz/api/books/178003/preview.epub  |k https://core.palmknihy.cz/api/books/178003/preview.pdf  |l   |q 49  |r 1  |s https://www.palmknihy.cz/kniha/178003  |t ebook  |y 2018  |z 0  |v Princezny a zvířátka  |w 3 
999 |d 310886